<?xml version="1.0" encoding="UTF-8"?>
<collection xmlns="http://www.loc.gov/MARC21/slim">
<record>
  <controlfield tag="001">168521</controlfield>
  <controlfield tag="005">20260209162330.0</controlfield>
  <datafield tag="024" ind1="7" ind2=" ">
    <subfield code="2">doi</subfield>
    <subfield code="a">10.17345/rio35.489</subfield>
  </datafield>
  <datafield tag="024" ind1="8" ind2=" ">
    <subfield code="2">sideral</subfield>
    <subfield code="a">147922</subfield>
  </datafield>
  <datafield tag="037" ind1=" " ind2=" ">
    <subfield code="a">ART-2025-147922</subfield>
  </datafield>
  <datafield tag="041" ind1=" " ind2=" ">
    <subfield code="a">spa</subfield>
  </datafield>
  <datafield tag="100" ind1=" " ind2=" ">
    <subfield code="a">Valera Herrera, Antonio</subfield>
    <subfield code="u">Universidad de Zaragoza</subfield>
  </datafield>
  <datafield tag="245" ind1=" " ind2=" ">
    <subfield code="a">Vulnerabilidades producto de los mecanismos de control y persuasión en el consumo electrónico. ¿Está protegido el consumidor digital?</subfield>
  </datafield>
  <datafield tag="260" ind1=" " ind2=" ">
    <subfield code="c">2025</subfield>
  </datafield>
  <datafield tag="520" ind1="3" ind2=" ">
    <subfield code="a">El consumo en línea es una práctica cada vez más frecuente y normalizada en el día a día de los españoles: prueba de ello son los más de 30 millones de consumidores que realizaron transacciones comerciales a través de canales virtuales en 2023. En una sociedad de consumo y de la información cada vez más avanzada, las plataformas digitales se han afirmado como espacios virtuales donde no solo se compran bienes, sino que también se ofrecen diferentes experiencias y un amplio abanico de servicios dirigidos al bienestar del consumidor. Debido a la importancia de esta modalidad de consumo, de aparición reciente y que todavía no ha tocado techo en el número de usuarios en el país, es oportuno señalar los nuevos retos y amenazas a los que se enfrenta el consumidor digital. Las plataformas gozan de un control casi absoluto en red y configuran nuevos riesgos que, sumados a los clásicos, atentan contra la integridad del consumidor y a su protección personal, con nuevas técnicas de persuasión y control basadas en tecnologías cada vez más refinadas como el big data, la computación algorítmica y los así llamados «patrones oscuros». En el artículo se hace hincapié en la protección del consumidor digital mediante un enfoque sociológico para contextualizar la modalidad en línea de consumo, destacando las nuevas herramientas que lo incentivan y señalando los incipientes mecanismos legislativos que velan por la protección del consumidor digital en la Unión Europea.</subfield>
  </datafield>
  <datafield tag="506" ind1="0" ind2=" ">
    <subfield code="a">Access copy available to the general public</subfield>
    <subfield code="f">Unrestricted</subfield>
  </datafield>
  <datafield tag="540" ind1=" " ind2=" ">
    <subfield code="9">info:eu-repo/semantics/openAccess</subfield>
    <subfield code="a">by-sa</subfield>
    <subfield code="u">https://creativecommons.org/licenses/by-sa/4.0/deed.es</subfield>
  </datafield>
  <datafield tag="655" ind1=" " ind2="4">
    <subfield code="a">info:eu-repo/semantics/article</subfield>
    <subfield code="v">info:eu-repo/semantics/publishedVersion</subfield>
  </datafield>
  <datafield tag="700" ind1=" " ind2=" ">
    <subfield code="a">Gentile, Alessandro</subfield>
    <subfield code="u">Universidad de Zaragoza</subfield>
    <subfield code="0">(orcid)0000-0003-0387-9113</subfield>
  </datafield>
  <datafield tag="710" ind1="2" ind2=" ">
    <subfield code="1">4009</subfield>
    <subfield code="2">740</subfield>
    <subfield code="a">Universidad de Zaragoza</subfield>
    <subfield code="b">Dpto. Psicología y Sociología</subfield>
    <subfield code="c">Área Psicología Social</subfield>
  </datafield>
  <datafield tag="710" ind1="2" ind2=" ">
    <subfield code="1">4009</subfield>
    <subfield code="2">775</subfield>
    <subfield code="a">Universidad de Zaragoza</subfield>
    <subfield code="b">Dpto. Psicología y Sociología</subfield>
    <subfield code="c">Área Sociología</subfield>
  </datafield>
  <datafield tag="773" ind1=" " ind2=" ">
    <subfield code="g">35 (2025), 37-58</subfield>
    <subfield code="p">Rev. int. organ.</subfield>
    <subfield code="t">REVISTA INTERNACIONAL DE ORGANIZACIONES</subfield>
    <subfield code="x">2013-570X</subfield>
  </datafield>
  <datafield tag="856" ind1="4" ind2=" ">
    <subfield code="s">225942</subfield>
    <subfield code="u">http://zaguan.unizar.es/record/168521/files/texto_completo.pdf</subfield>
    <subfield code="y">Versión publicada</subfield>
  </datafield>
  <datafield tag="856" ind1="4" ind2=" ">
    <subfield code="s">1177475</subfield>
    <subfield code="u">http://zaguan.unizar.es/record/168521/files/texto_completo.jpg?subformat=icon</subfield>
    <subfield code="x">icon</subfield>
    <subfield code="y">Versión publicada</subfield>
  </datafield>
  <datafield tag="909" ind1="C" ind2="O">
    <subfield code="o">oai:zaguan.unizar.es:168521</subfield>
    <subfield code="p">articulos</subfield>
    <subfield code="p">driver</subfield>
  </datafield>
  <datafield tag="951" ind1=" " ind2=" ">
    <subfield code="a">2026-02-09-14:42:39</subfield>
  </datafield>
  <datafield tag="980" ind1=" " ind2=" ">
    <subfield code="a">ARTICLE</subfield>
  </datafield>
</record>
</collection>